Loading...
| Current Events | 1 | 10.00 | 100% | 0% | 0% |
| Fine Arts - Classical Music | 4 | 5.00 | 50% | 0% | 0% |
| Fine Arts - Other | 3 | 6.67 | 33% | 33% | 0% |
| Fine Arts - Painting and Sculpture | 5 | 10.00 | 80% | 20% | 0% |
| Geography | 1 | 10.00 | 100% | 0% | 0% |
| History - American | 7 | 14.29 | 100% | 43% | 0% |
| History - European | 6 | 15.00 | 100% | 33% | 17% |
| History - Other | 6 | 8.33 | 83% | 0% | 0% |
| History - World | 6 | 13.33 | 83% | 50% | 0% |
| Literature - American | 4 | 15.00 | 100% | 50% | 0% |
| Literature - British | 4 | 12.50 | 100% | 25% | 0% |
| Literature - European | 8 | 13.75 | 100% | 38% | 0% |
| Literature - World | 4 | 5.00 | 50% | 0% | 0% |
| Mythology | 8 | 17.50 | 100% | 50% | 25% |
| Other Academic | 3 | 10.00 | 67% | 33% | 0% |
| Philosophy | 2 | 20.00 | 100% | 100% | 0% |
| Pop Culture | 3 | 23.33 | 100% | 67% | 67% |
| Religion | 4 | 10.00 | 100% | 0% | 0% |
| Science - Biology | 1 | 10.00 | 100% | 0% | 0% |
| Science - Chemistry | 4 | 20.00 | 100% | 100% | 0% |
| Science - Other | 4 | 17.50 | 100% | 50% | 25% |
| Science - Physics | 5 | 18.00 | 100% | 60% | 20% |
| Social Science | 6 | 13.33 | 83% | 33% | 17% |